000 01014nam a2200241Ia 4500
003 Ost
005 20260507074957.0
008 260507s9999||||xx |||||||||||||| ||und||
020 _a9953140456
040 _cfsecg
041 _aara
082 _a330
100 _aعيسى، محمد عبد الشفيع
_eمؤلف
245 0 _aالاقتصاد السياسي للعولمة والتكنولوجيا نحو رؤية جديدة /
_c محمد عبد الشفيع عيسى
260 _aبيروت:
_bالشركة العالمية للكتاب,
_c2004
300 _a351 صفحة؛
_bإيضاحات ؛
_c20 سم
504 _aببليوغرافيا:ص.337-347
520 _aالعولمة والتكنولوجيا:عرض عام ودراسة حالة،العولمة بين العرب وشرق آسيا،قضايا خاصة عن التكنولوجيا في إطار العولمة
653 _aالاقتصاد سياسي
653 _aالعولمة
653 _aالمعلومات
942 _cكتاب
999 _c42034
_d42034